000 00932nam0a2200301 4500
001 RU\NLR\bibl\61760
005 20250616091820.0
010 _a5-89585-020-0
_910000
021 _aRU
_b99-35529
_91750
035 _a(NLR Aleph) 000060256
090 _a327854
_c327854
100 _a19991202d1999 |||y0rusy50 ca
101 0 _arus
102 _aRU
105 _ay |||||||||
200 1 _aЯ отворил пред тобою дверь...
_fМарина Юденич
210 _aМ.
_cЭксим
_d1999
215 _a382, [1] с.
_d21
327 1 _aСодерж.: Роман: Я отворил пред тобою дверь...; Повесть: Гость.
686 _aШ6(2=Р)75-440.4
700 1 _aЮденич
_bМ.
_gМарина
_4070
801 0 _aRU
_bNLR
_c19991202
_gPSBO
801 1 _aRU
_bNLR
_c19991202
852 _aNLR
_j99-3/15353
942 _cBOOK
980 _aNB